000 00327nam a2200133Ia 4500
008 191201s2010 xx 000 0 und d
100 _aBHAGAT, Chetan
245 0 _a2 STATES: the Story of My Marriage
250 _aimp
260 _aNew delhi
_bRupa and Co
_c2010
300 _a269
650 _aGeneral Books
942 _2ddc
_cBK
999 _c4410
_d4410